Transformation of Slovak economy to market conditions: problems and starting points to solutions for future period

Enregistré dans:
Détails bibliographiques
Auteur principal: Porvazník, Ján
Autres auteurs: Staněk, Peter
Format: Chapitre de livre
Langue:anglais
Tags: Ajouter un tag
Pas de tags, Soyez le premier à ajouter un tag!

MARC

LEADER 00000naa$a2200000$$$4500
001 0146261
005 20240502083337.1
041 0 |a eng 
044 |a FI 
245 1 0 |a Transformation of Slovak economy to market conditions: problems and starting points to solutions for future period  |c Ján Porvazník, Peter Staněk 
100 1 |a Porvazník, Ján 
700 1 |a Staněk, Peter